| 000 | 00582nam a2200181Ia 4500 | ||
|---|---|---|---|
| 008 | 151018s9999 xx 000 0 und d | ||
| 082 |
_bRBASDV47764 _a525 |
||
| 100 | _aराकेश इंदूरखा | ||
| 245 | _aज्वारा भाटा | ||
| 250 | _b1 | ||
| 260 |
_bदिनेश साहित्य सदन _c2008 |
||
| 300 | _a16 | ||
| 600 | _aराकेश इंदूरखा | ||
| 630 | _aज्वारा भाटा | ||
| 700 | _aराकेश इंदूरखा | ||
| 730 | _aज्वारा भाटा | ||
| 942 | _cBOOK | ||
| 999 |
_c1046896 _d1046893 |
||